000 00270nam a2200109Ia 4500
008 200302s9999 xx 000 0 und d
100 _aFrank Anton
245 _aIn Praise Of Pragmatism Fisher-Firedman Associates
260 _bGordon Goff
260 _c2010
300 _a215
999 _c4720
_d4720